=LDR 00000nam 2200000 4500 =001 INLIS000000000810484 =005 20260202103610 =035 ##$$a 0010-0126000026 =007 ta =008 260202###########################0#ara## =082 ##$$a 297.072 =084 ##$$a 297.072 HAF a =100 #$$a Ruslan Hafidz Al Izzuddin =245 1#$$a mawaqit as sholah /$c Ustadz Heri Utomo =260 ##$:$b PIAT 7,$c 2025 =300 ##$$a 13 hlm ; $c 21 x 29,7 cm. =990 ##$$a 00000005247